Geography Quiz

Random Geography or City Quiz

Largest Cities in British-India 1931 Quiz Stats

 Plays Quiz not verified by Sporcle

Support Sporcle.
Go Orange.
Score 0/35 Timer 08:00
0 Plays Today
City % Correct
Bombay
94.2%
Calcutta
91.8%
Delhi
90.8%
Madras
87.3%
Hyderabad
77.9%
Lahore
77.3%
Karachi
75.5%
Bangalore
71.9%
Dacca
68.5%
Poona
66.7%
Ahmedabad
64.6%
Lucknow
62.6%
Jaipur
61.6%
Agra
55.6%
Cawnpore
54.3%
Amritsar
50.2%
Patna
49.1%
Nagpur
46.5%
City % Correct
Rawalpindi
46.3%
Peshawar
44.9%
Allahabad
43.4%
Benares
43.1%
Indore
41.8%
Multan
37.5%
Srinagar
36.5%
Rangoon
34.2%
Baroda
25.4%
Madura
25%
Mandalay
21.2%
Meerut
20.8%
Ajmer
15.6%
Jubbulpore
14.9%
Trichinopoly
10.8%
Sholapur
6.6%
Bareilly
6.5%

You're not logged in!

Compare scores with friends on all Sporcle quizzes.
OR
Log In

From the Vault

Fictional Lawyers

by Ben

You're out of order! You're out of order! The whole trial is out of order! They're out of order....sorry got kinda carried away there for a minute.
Remove Ads.
Support Sporcle.
Get the best of Sporcle when you Go Orange. This ad-free experience offers more features, more stats, and more fun while also helping to support Sporcle. Thank you for becoming a member.

Show Comments

Extras

Top Quizzes Today


Score Distribution

Your Account Isn't Verified!

In order to create a playlist on Sporcle, you need to verify the email address you used during registration. Go to your Sporcle Settings to finish the process.

Report this User

Report this user for behavior that violates our Community Guidelines.

Details: